书目信息 |
| 题名: |
西方伦理思想史
|
|
| 作者: | 宋希仁 主编 | |
| 分册: | ||
| 出版信息: | 北京 中国人民大学出版社 2005 |
|
| 页数: | 16,497页 | |
| 开本: | 23cm | |
| 丛书名: | ||
| 单 册: | ||
| 中图分类: | B82-091 | |
| 科图分类: | ||
| 主题词: | 伦理学 , 思想史 , 伦理学--思想史--西方国家--高等学校--教材 | |
| 电子资源: | ||
| ISBN: | 7-300-02984-1 | |
| 000 | 01046nam0 2200289 450 | |
| 000 | 01056nam0 2200289 450 | |
| 000 | 00986nam0 2200265 450 | |
| 000 | 00950oam2 2200253 45 | |
| 005 | 20070610092339.14 | |
| 010 | @a7-300-02984-1@dCNY29.80 | |
| 100 | @a20070608d2005 em y0chiy0120 ea | |
| 101 | 0 | @achi |
| 102 | @aCN@b110000 | |
| 105 | @ay z 000yy | |
| 200 | 1 | @a西方伦理思想史@AXi Fang Lun Li Si Xiang Shi@f宋希仁主编@FSong Xi Ren Zhu Bian |
| 210 | @a北京@c中国人民大学出版社@d2005 | |
| 215 | @a16,497页@d23cm | |
| 300 | @a21世纪哲学系列教材 | |
| 330 | @a本书是按照伦理思想本身的发展过程叙述的西方伦理思想史,书中阐述了古希腊,古罗马时代的伦理思想,中世纪伦理思想,文艺复兴时期伦理思想以及近代英国、法国、德国、美国的伦理思想。 | |
| 510 | 1 | @aThe History of Western Ethic Thoughts@zeng |
| 606 | 0 | @a伦理学 |
| 606 | 0 | @a思想史 |
| 606 | 0 | @a伦理学@x思想史@y西方国家@x高等学校@j教材 |
| 690 | @aB82-091@v4 | |
| 701 | 0 | @a宋希仁@ASong Xi Ren@f(1936~)@4 主编 |
| 801 | 0 | @aCN@bTAOJIN@c20070610 |
| 905 | @a10447@dB82-091@e327 | |
| 西方伦理思想史/宋希仁主编.-北京:中国人民大学出版社,2005 |
| 16,497页;23cm |
| 21世纪哲学系列教材 |
| ISBN 7-300-02984-1:CNY29.80 |
| 本书是按照伦理思想本身的发展过程叙述的西方伦理思想史,书中阐述了古希腊,古罗马时代的伦理思想,中世纪伦理思想,文艺复兴时期伦理思想以及近代英国、法国、德国、美国的伦理思想。 |
| ● |
| 相关链接 |
|
|
|
|
正题名:西方伦理思想史
索取号:B82-091/327
 
预约/预借
| 序号 | 登录号 | 条形码 | 馆藏地/架位号 | 状态 | 备注 |
| 1 | 0527443 | 205274433 | 第一样本阅览室/ [索取号:B82-091/327] | 在馆 | |
| 2 | 0527444 | 205274442 | 第一借阅区/ [索取号:B82-091/327] | 在馆 | |
| 3 | 0527445 | 205274451 | 第一借阅区/ [索取号:B82-091/327] | 在馆 | |
| 4 | 0527446 | 205274460 | 教育系资料室/ [索取号:B82-091/327] | 在馆 | |
| 5 | 0527447 | 205274479 | 第一借阅区/ [索取号:B82-091/327] | 在馆 | |
| 6 | 0527448 | 205274488 | 第一借阅区/ [索取号:B82-091/327] | 在馆 | |
| 7 | 0527449 | 205274497 | 教育系资料室/ [索取号:B82-091/327] | 在馆 | |
| 8 | 0527450 | 205274503 | 教育系资料室/ [索取号:B82-091/327] | 在馆 |